000 00279nam a2200133Ia 4500
100 _aStaples/Walter D.
650 _aGeneral
942 _cBK
654 _aThink Like
245 _aThink Like A Winner
260 _bUbspd
_aNew Delhi
_c1993
300 _a288
546 _aENGLISH
999 _c30037
_d30037